A Cruel Angel's Thesis (Zankoku na Tenshi no Tēze) - Rōmaji Lyrics - Statistics

General Stats
  • This quiz has been taken 10 times
  • The average score is 113 of 209
Answer Stats
Answer % Correct
Aoi
100%
aru
100%
dake
100%
Dakedo
100%
de,
100%
de
100%
ga
100%
ga
100%
koto
100%
koto...
100%
na
100%
na
100%
na
100%
nare...
100%
nare
100%
ni
100%
ni
100%
ni
100%
ni
100%
ni
100%
no
100%
no
100%
no
100%
no
100%
Shounen
100%
Shounen
100%
sora
100%
teeze
100%
tenshi
100%
tenshi
100%
wa
100%
wo
100%
wo
100%
wo
100%
wo
100%
yo,
100%
yo,
100%
you
100%
Zankoku
100%
Zankoku
100%
anata
67%
aru
67%
atsui
67%
dake
67%
de
67%
deshou
67%
doa
67%
Fureru
67%
ga
67%
ga
67%
ga
67%
ga
67%
ga
67%
hane
67%
Haruka
67%
hitomi
67%
Hohoenderu
67%
Hotobashiru
67%
ima
67%
itaike
67%
itsuka
67%
kagayaku
67%
kara
67%
kaze
67%
kedo...
67%
kizuku
67%
Kono
67%
koto
67%
mada
67%
Madobe
67%
mezasu
67%
mirai
67%
mitsumete
67%
mono
67%
Motomeru
67%
muchuu
67%
mune
67%
na
67%
na
67%
nara
67%
nare
67%
nare
67%
ni
67%
ni
67%
ni
67%
ni
67%
ni
67%
no
67%
no
67%
no
67%
no
67%
no
67%
no
67%
no
67%
no
67%
Omoide
67%
patosu
67%
sae
67%
senaka
67%
shinwa
67%
shinwa
67%
shiranai
67%
Shounen
67%
Shounen
67%
sono
67%
sora
67%
Sotto
67%
tada
67%
tame
67%
tataitemo
67%
teeze
67%
teeze
67%
tenshi
67%
tenshi
67%
tobitatsu
67%
Unmei
67%
uragiru
67%
wa,
67%
wa
67%
wa
67%
Watashi
67%
wo
67%
wo
67%
wo
67%
wo
67%
wo
67%
wo
67%
wo
67%
wo
67%
yagate
67%
yo,
67%
yo,
67%
Zankoku
67%
Zankoku
67%
ai
33%
ai
33%
Anata
33%
atsui
33%
daite
33%
daite
33%
Hito
33%
Hotobashiru
33%
kagayaku
33%
kara
33%
Kono
33%
Madobe
33%
mo
33%
mo
33%
nara,
33%
nara
33%
nemutteru
33%
Omoide
33%
patosu
33%
shinwa
33%
shinwa
33%
Sono
33%
tame
33%
tobitatsu
33%
uragiru
33%
Watashi
33%
Watashi
33%
watashi
33%
yagate
33%
yume
33%
yume
33%
Zutto
33%
aeta
0%
asa
0%
Baiburu
0%
Dakishimeta
0%
Dare
0%
futari
0%
hajimaru
0%
hanatsu
0%
hikari
0%
Hosoi
0%
ikiru...
0%
imi
0%
inochi
0%
jiyuu
0%
juu
0%
Kanashimi
0%
katachi
0%
kubisuji
0%
kuru
0%
mama
0%
Megami
0%
mezameta
0%
Moshi
0%
nagara
0%
nante
0%
narenai
0%
rekishi
0%
Sekai
0%
shiru
0%
shisha
0%
soshite
0%
sou,
0%
Tojikometai
0%
toki
0%
toki
0%
tomete
0%
tsukiakari
0%
tsukuru
0%
tsumugi
0%
utsushiteru
0%
Yobareru
0%
yori
0%
yurikago
0%
No matching quizzes found
Score Distribution
Percent of People with Each Score
Percentile by Number Answered
Your Score History
You have not taken this quiz